| 000 | 01993nam a2200421Ia 4500 | ||
|---|---|---|---|
| 001 | ebr10276632 | ||
| 003 | CaPaEBR | ||
| 006 | m u | ||
| 007 | cr cn||||||||| | ||
| 008 | 080320s2008 et a sb 001 0 eng d | ||
| 010 | _z 2008435183 | ||
| 020 | _z9781847013033 | ||
| 020 | _z1847013031 | ||
| 020 | _z9781847013026 | ||
| 020 | _z1847013023 | ||
| 020 | _z9780821418086 | ||
| 020 | _z0821418084 | ||
| 020 | _z9781868884933 | ||
| 020 | _z1868884937 | ||
| 040 |
_aCaPaEBR _cCaPaEBR |
||
| 035 | _a(OCoLC)463189849 | ||
| 050 | 1 | 4 |
_aJZ5584.A35 _bR47 2008eb |
| 245 | 0 | 4 |
_aThe resolution of African conflicts _h[electronic resource] : _bthe management of conflict resolution & post-conflict reconstruction / _cedited by Alfred Nhema & Paul Tiyambe Zeleza. |
| 260 |
_aAddis Ababa : _bOssrea ; _aOxford : _bJames Currey ; _aAthens, OH : _bOhio University Press ; _aPretoria : _bUnisa Press, _c2008. |
||
| 300 |
_axv, 207 p. : _bill. |
||
| 500 | _aBook is an outcome of the OSSREA's Research Programme on African Conflicts that sponsored an international conference "African Conflicts: Management, Resolution, Post-Conflict Recovery and Development" held in Addis Ababa, Ethiopia, November 29 to December 1, 2004. | ||
| 504 | _aIncludes bibliographical references and index. | ||
| 533 |
_aElectronic reproduction. _bPalo Alto, Calif. : _cebrary, _d2013. _nAvailable via World Wide Web. _nAccess may be limited to ebrary affiliated libraries. |
||
| 650 | 0 |
_aConflict management _zAfrica. |
|
| 650 | 0 |
_aPostwar reconstruction _zAfrica. |
|
| 650 | 0 |
_aPeace-building _zAfrica. |
|
| 655 | 7 |
_aElectronic books. _2local |
|
| 700 | 1 | _aNhema, Alfred G. | |
| 700 | 1 |
_aZeleza, Tiyambe, _d1955- |
|
| 710 | 2 | _aebrary, Inc. | |
| 711 | 2 |
_aAfrican Conflicts: Management, Resolution, Post-Conflict Recovery and Development _d(2004 : _cAddis Ababa, Ethiopia) |
|
| 856 | 4 | 0 |
_uhttp://site.ebrary.com/lib/rucke/Doc?id=10276632 _zAn electronic book accessible through the World Wide Web; click to view |
| 999 |
_c5520 _d5520 |
||